000 00475nam a2200181Ia 4500
001 11787
005 20260306162853.0
008 260306t2020||||xx |||||||||||||| ||spa||
041 _aESP
082 _aHR 200
_bINVIERNO 2020 HUMANITAS.2
110 _aPontificia Universidad Católica de Chile
245 0 _aHumanitas :
_brevista de antropología y cultura cristianas
260 _c2020
300 _a
_c
650 _aGEN
654 _aCHU
942 _cREV
_dJUS
_fJUS
_2ddc
_n
999 _c11787
_d11787